Fußball Top 10 #15 (Ewige Champions League Torschützen) - Statistiken

Allgemein
  • Dieses Quiz wurde 343 mal gespielt
  • Das Durchschnittsergebnis liegt bei 7 aus 10
Antwortstatistiken
Platz CL Tore Spieler % Korrekt
1 140 Cristiano Ronaldo
100%
2 129 Lionel Messi
100%
3 99 Robert Lewandowski
94%
4 90 Karim Benzema
82%
7 54 Thomas Müller
76%
9 49 Kylian Mbappé
71%
5 71 Raul
54%
8 50 Thierry Henry
41%
6 56 Ruud van Nistelrooy
31%
10 49 Alfredo di Stéfano
9%
Keine übereinstimmenden Quizze gefunden
Verteilung der Resultate
Anzahl Personen mit jedem Resultat
Perzentil nach korrekt beantworteten Fragen
Ihre Resultats-Entwicklung
Sie haben dieses Quiz noch nicht gespielt